Implementación de un controlador PID con autosintonización para procesos industriales
Salvato in:
| Autore principale: | |
|---|---|
| Altri autori: | |
| Natura: | Libro |
| Lingua: | Spanish |
| Pubblicazione: |
[San José, Costa Rica]
2014
|
| Soggetti: | |
| Tags: |
Aggiungi Tag
Nessun Tag, puoi essere il primo ad aggiungerne!!
|
MARC
| LEADER | 00000nam a22000007a 4500 | ||
|---|---|---|---|
| 003 | 012159 | ||
| 005 | 20230824105147.0 | ||
| 008 | 150709b2014 cr a|||| |||| 00| ||spa d | ||
| 040 | |c cru CEDI | ||
| 090 | |a TFG 7324 | ||
| 100 | |a Crawford Warren, Jeilin, 1988- |9 1193 | ||
| 245 | |a Implementación de un controlador PID con autosintonización para procesos industriales | ||
| 260 | |a [San José, Costa Rica] |c 2014 | ||
| 500 | |a Proyecto de graduación (bachillerato en ingeniería eléctrica)-- Universidad de Costa Rica. Facultad de Ingeniería. Escuela de Ingeniería Eléctrica | ||
| 501 | |a Profesor Guía de IE-0499 Proyecto Eléctrico: Dr. José David Rojas Fernández | ||
| 650 | |x CONTROL AUTOMATICO |x SIMULACION POR COMPUTADORA |x SISTEMAS DE CONTROL DIGITAL |x CONTROLADORES PID |9 829 | ||
| 700 | |9 701 |a Rojas Fernández, José David, 1984- |d Director de Proyecto Eléctrico | ||
| 942 | |c CEDI | ||
| 999 | |c 13864 |d 13864 | ||
